LEADER 01033nam a2200253 i 4500 001 000000092087 003 CaOOAMICUS 005 20170508000000.0 008 170508s1999 xx u000 u fre u 013 $a64329 020 $a2-7444-0504-3 040 $aSeMil$bita 100 1 $aDuquesne, Jacques <1930- >.$0(OLS)http://semarc/name/89635 245 10$aDieu expliqué à mes petits-enfants /$cJacques Duquesne. 260 $aParis :$bGrand caractère,$cc1999. 300 $a89 p. ;$c22 cm. 650 4$aDio - Libri per ragazzi.$0(OLS)http://semarc/subject/45792 650 4$aCristianesimo - Libri per ragazzi.$0(OLS)http://semarc/subject/45793 850 $aSeMil 852 $aSeMil$W1$xVenegono$y1$m2Q III 515$j55006$B55006$CSeMilBibl$Z2$F59688 $81 961 $aOmaggio: Lorenzi don Ugo 996 $6020$a2-7444-0504-3$9(OLS)http://semarc/number/272118 996 $6245$aDieu expliqué à mes petits-enfants$9(OLS)http://semarc/title/406136 996 $6260$aParis :$bGrand caractère$9(OLS)http://semarc/publisher/56841 LEADER 01039nam a2200277 i 4500 001 000000124787 003 CaOOAMICUS 005 20051012000000.0 008 051012s1957 fr u000 u fre u 013 $a97484 040 $aSeMil$bita 100 1 $aChevalier, Jacques <1882-1962>.$0(OLS)http://semarc/name/5555 245 10$aDescartes /$cpar Jacques Chevalier. 250 $aNouvelle éd. revue et augmentée. 260 $aParis :$bPlon,$c1957. 300 $aVII, 374 p. ;$c21 cm. 490 0 $aLes maitres de la pensée française 500 $aFondo Ciprandi. 600 14$aDescartes, René .$0(OLS)http://semarc/subject/904 830 4$aLes maitres de la pensée française.$0(OLS)http://semarc/title/19114 850 $aSeMil 852 $aSeMil$W1$xVenegono$y1$m2P IV 130$j79306$B79306$CSeMilBibl$Z2$F104649 $81 941 1 $a1 961 $aOmaggio: Ciprandi dott. Paolo 996 $6245$aDescartes$9(OLS)http://semarc/title/183668 996 $6260$aParis :$bPlon$9(OLS)http://semarc/publisher/32056 LEADER 01042nam a2200253 i 4500 001 000000188867 003 CaOOAMICUS 005 20100423000000.0 008 100423s1970 it u000 u ita u 013 $a167101 040 $aSeMil$bita 100 1 $aFemiano, Samuel D.$0(OLS)http://semarc/name/69169 240 10$aInfallibility of the laity.$0(OLS)http://semarc/title/271884 245 12$aL'infallibilità dei laici :$bl'eredità di Newman /$cSamuel D. Femiano. 260 $aMilano :$bIPL,$c1970. 300 $a170 p. ;$c22 cm. 490 0 $aStudi e opinioni 600 14$aNewman, John Henry <1801-1890>.$0(OLS)http://semarc/subject/2835 650 4$aLaicato.$0(OLS)http://semarc/subject/6802 830 0$aStudi e opinioni.$0(OLS)http://semarc/title/7658 850 $aSeMil 852 $aSeMil$W1$xVenegono$y1$m2X IV 165$j139504$B139504$CSeMilBibl$Z2$F151126 $81 996 $6245$aL'infallibilità dei laici :$bl'eredità di Newman$9(OLS)http://semarc/title/271883 996 $6260$aMilano :$bIPL$9(OLS)http://semarc/publisher/30350